000 00722nam a2200241 a 4500
001 BRCA_5602
005 20190320205141.0
008 210211s1931----au-a######---#000-0#eng-#
041 _aeng
044 _aau
050 4 _aN1680
_b.G58 1931
100 1 _aGlück, Gustav
_913624
245 1 0 _aThe Picture Gallery of the Vienna Art Museum
_cGustav Glück.
260 _aViena, Austria
_bA. Schroll
_c1931
300 _a222 p.
_bil., 194 láminas
_c27 cm.
500 _aIncluye índice onomástico
500 _aF80
610 2 4 _aVienna Art Museum
_xColecciones de arte
_914280
650 1 4 _aColeccionistas y colecciones
_914281
650 1 4 _aGalerías y museos
_zViena, Austria
_914282
902 _aGFM
942 _2lcc
_cB
999 _c5296
_d5296